000 00442nam a2200181Ia 4500
001 3619
005 20260306145656.0
008 260306t2001||||xx |||||||||||||| ||spa||
041 _aESP
082 _a300.5
_bC76
100 _aPortocarrero Maisch, Gonzalo
_eAUT
245 0 _aEnseñanza de sociología en el Perú:
_bun estudio de casos
260 _c2001
300 _a
_c
650 _aGEN
654 _aCHU
942 _cLIB
_dJUS
_fJUS
_2ddc
_n
999 _c3619
_d3619